Some shows of the economic crime in the Slovak Republic economy transformation process

Zmeny v Slovenskej republike a sociálno-ekonomický proces demokratizácie spoločnosti po roku 1990. Trasformácia ekonomiky a stupňovanie možností pre tieňovú ekonomiku. Pranie špinavých peňazí a kriminalita. Legislatíva a politická stabilita.

Gespeichert in:
Bibliographische Detailangaben
1. Verfasser: Stieranka, Jozef
Weitere Verfasser: Králik, Jozef
Format: Buchkapitel
Sprache:Englisch
Schlagworte:
Tags: Tag hinzufügen
Keine Tags, Fügen Sie das erste Tag hinzu!

MARC

LEADER 00000naa$a2200000$$$4500
001 0114382
005 20230908080230.7
041 0 |a eng 
044 |a CZ 
245 1 0 |a Some shows of the economic crime in the Slovak Republic economy transformation process  |c Jozef Stieranka, Jozef Králik 
520 |a Zmeny v Slovenskej republike a sociálno-ekonomický proces demokratizácie spoločnosti po roku 1990. Trasformácia ekonomiky a stupňovanie možností pre tieňovú ekonomiku. Pranie špinavých peňazí a kriminalita. Legislatíva a politická stabilita. 
610 2 0 |a Slovensko 
610 2 0 |a ekonomika tieňová 
610 2 0 |a neprístojnosti obchodné 
610 2 0 |a pranie špinavých peňazí 
610 2 0 |a špekulácie 
610 2 0 |a kriminalita hospodárska 
610 2 0 |a zodpovednosť trestná 
100 1 |a Stieranka, Jozef 
700 1 |a Králik, Jozef